• 首页
  • 本馆介绍
  • 公告通知
  • 最新文献
  • 馆藏检索
  • 电子资源
  • 读者导购
  • 参考咨询
  • 我的图书馆
  • 登录
  • 详细信息显示
  • 放入我的书架
  • 预约/预借图书
  • 作者相关作品
  • 分类相关作品
  • 丛书相关作品
  • 出版社相关作品

书目信息

  • 表格格式
  • 工作单格式
  • 卡片格式
题名:
当代中国社会转型时期经济建设思想的价值冲突与重构
    
 
作者: 郑吴志 , 谭毅 著
分册:  
出版信息: 北京   人民出版社  2014
页数: 257页
开本: 24cm
丛书名: 当代中国社会转型时期的价值教育与价值重构丛书
单 册:
中图分类: F092.7
科图分类:
主题词: 中国经济--Zhong Guo Jing Ji--经济思想--研究--现代
电子资源:
ISBN: 978-7-01-013725-4
000 01766nam0 22003011 450
001 350505
005 20161011153157.81
010    @a978-7-01-013725-4@dCNY42.00
100    @a20150122d2014 em y0chiy50 ea
101 0  @achi
102    @aCN@b110000
105    @ay z 000yy
106    @ar
200 1  @a当代中国社会转型时期经济建设思想的价值冲突与重构@ADang Dai Zhong Guo She Hui Zhuai Xing Shi Qi Jing Ji Jian She Si Xiang De Jia Zhi Chong Tu Yu Chong Gou@f郑吴志,谭毅等著
210    @a北京@c人民出版社@d2014
215    @a257页@d24cm
225 2  @a当代中国社会转型时期的价值教育与价值重构丛书@ADang Dai Zhong Guo She Hui Zhuai Xing Shi Qi De Jia Zhi Jiao Yu Yu Jia Zhi Chong Gou Cong Shu@f钟明华,李萍主编
300    @a中山大学“211工程”三期“当代中国社会转型时期的价值重构”项目资助
312    @a封面英文题名:The value conflict and reconstruction of economic construction ideas in the transitional period of contemporary China
330    @a本书对我国转型时期经济思想及经济价值观的演变冲突进行了梳理与分析评价,以经济价值观的冲突与重构为核心,突出思想观念与价值观作为认知力量在经济发展中的重要作用,强调价值教育的巨大功能。全书力求从价值或价值观角度而不是传统“左”“右”两分法来分析我国重大经济建设思想的分歧和争论,从价值教育与整合的角度探讨如何构建社会主义核心经济价值体系。
461  0 @12001 @a当代中国社会转型时期的价值教育与价值重构丛书@f钟明华,李萍主编
510 1  @aValue conflict and reconstruction of economic construction ideas in the transitional period of contemporary China@zeng
606 0  @a中国经济@AZhong Guo Jing Ji@x经济思想@x研究@z现代
690    @aF092.7@v5
701  0 @a郑吴志@AZheng Wu Zhi@f(1963~)@4著
701  0 @a谭毅@ATan Yi@f(1968.5~)@4著
801  0 @aCN@bTANGWEI@c20160804
905    @b0890370-4@dF092.7@e35@f5
    
    当代中国社会转型时期经济建设思想的价值冲突与重构/郑吴志,谭毅等著 .-北京:人民出版社,2014
    257页;24cm.-(当代中国社会转型时期的价值教育与价值重构丛书/钟明华,李萍主编)
    中山大学“211工程”三期“当代中国社会转型时期的价值重构”项目资助
    
    ISBN 978-7-01-013725-4:CNY42.00
    本书对我国转型时期经济思想及经济价值观的演变冲突进行了梳理与分析评价,以经济价值观的冲突与重构为核心,突出思想观念与价值观作为认知力量在经济发展中的重要作用,强调价值教育的巨大功能。全书力求从价值或价值观角度而不是传统“左”“右”两分法来分析我国重大经济建设思想的分歧和争论,从价值教育与整合的角度探讨如何构建社会主义核心经济价值体系。
●
相关链接 在E读中查询图书 在五车中查询图书 在当当中查询图书 在豆瓣中查询图书


正题名:当代中国社会转型时期经济建设思想的价值冲突与重构     索取号:F092.7/35         预约/预借

序号 登录号 条形码 馆藏地/架位号 状态 备注
1 0890370   208903702   第一样本阅览室/ [索取号:F092.7/35] 在馆    
2 0890371   208903711   密集书库-海洋学院/ [索取号:F092.7/35] 在馆    
3 0890372   208903720   第一借阅区/ [索取号:F092.7/35] 在馆    
4 0890373   208903739   第一借阅区/ [索取号:F092.7/35] 在馆    
5 0890374   208903748   第一借阅区/ [索取号:F092.7/35] 在馆    
唐山师范学院图书馆 欢迎您!
大连网信软件有限公司© 版权所有